00221nam a2200097 4500020001800000082001200018100001200030245003200042260004100074300000800115 a9780719543036 a510 COX aC.J.Cox aUnderstanding Mathematics 5 aLondonbJohn Murray Publishersc1987 a308